000 01035nas a2200325 4500
001 BR2010003194
003 BR-BrBNA
005 20231205114115.0
007 ta
008 230509b bl.|||p| |||| 00| 00por d
040 _aBR-BrBNA
_bpor
_cBiblioteca Nacional de Agricultura
041 _a(Pt)
072 _aM12
100 1 _aSilva, F.V. e
100 1 _aSarmento, N.L. de A.F. e
100 1 _aVieira, J.S.
100 1 _aTessitore, A.J. de A.
100 1 _aOliveira, L.L. dos
100 1 _aSaraiva, E.P.
245 1 _aCaracterísticas morfométricas, rendimentos de carcaça, filé, vísceras e resíduos em tilápias-do-nilo em diferentes faixas de peso
650 _aTILÁPIA NILÓTICA
650 _aPROCESSAMENTO
650 _aPRODUÇÃO ANIMAL
650 _aPESO
650 _aPISCICULTURA
650 _aRENDIMENTO
773 0 _tRevista Brasileira de Zootecnia (Brazil)
_xISSN 1516-3598
_g(Aug 2009), v. 38(8) p. 1407-1412
_wBR2010003194
909 _a202311
_bLúcia
_c55
_dLúcia Elande
942 _2AGRIS
_n0
_cANA
999 _c207106
_d207106